书目信息 |
| 题名: |
电子设计实战攻略
|
|
| 作者: | 刘征宇 编著 | |
| 分册: | ||
| 出版信息: | 福州 福建科学技术出版社 2006.02 |
|
| 页数: | 374页 | |
| 开本: | 21cm | |
| 丛书名: | ||
| 单 册: | ||
| 中图分类: | TN702 | |
| 科图分类: | ||
| 主题词: | 电子电路--dian zi dian lu--电路设计 | |
| 电子资源: | ||
| ISBN: | 7-5335-2748-8 | |
| 000 | 00727nam0 2200217 450 | |
| 001 | 012006775628 | |
| 005 | 20060927162603.26 | |
| 010 | @a7-5335-2748-8@dCNY22.00 | |
| 100 | @a20060822d2006 km y0chiy0120 ea | |
| 101 | 0 | @achi |
| 102 | @aCN@b350000 | |
| 105 | @aa z 000yy | |
| 200 | 1 | @a电子设计实战攻略@Adian zi she ji shi zhan gong lue@f刘征宇@Fliu zheng yu |
| 210 | @a福州@c福建科学技术出版社@d2006.02 | |
| 215 | @a374页@c图@d21cm | |
| 330 | @a本书共八章,包括:常用电子元器件;传感器;信号产生电路的设计、信号放大电路的设计、信号处理电路的设计等。 | |
| 606 | 0 | @a电子电路@Adian zi dian lu@x电路设计 |
| 690 | @aTN702@v4 | |
| 701 | 0 | @a刘征宇@Aliu zheng yu@4编著 |
| 801 | 0 | @aCN@c20060927 |
| 905 | @a10447@dTN702@eL728 | |
| 电子设计实战攻略/刘征宇.-福州:福建科学技术出版社,2006.02 |
| 374页:图;21cm |
| ISBN 7-5335-2748-8:CNY22.00 |
| 本书共八章,包括:常用电子元器件;传感器;信号产生电路的设计、信号放大电路的设计、信号处理电路的设计等。 |
| ● |
| 相关链接 |
|
|
|
正题名:电子设计实战攻略
索取号:TN702/L728
 
预约/预借
| 序号 | 登录号 | 条形码 | 馆藏地/架位号 | 状态 | 备注 |
| 1 | 220295 | 202202954 | 自科库301/301自科库 29排2列3层/ [索取号:TN702/L728] | 在馆 | |
| 2 | 220296 | 202202963 | 自科库301/301自科库 29排2列3层/ [索取号:TN702/L728] | 在馆 | |
| 3 | 220297 | 202202972 | 自科库301/301自科库 29排2列3层/ [索取号:TN702/L728] | 在馆 |